[Event "4NCL Online Division 6"]
[Site "online"]
[Date "2020.11.03"]
[Round "6.154"]
[White "Elder, Kidge"]
[Black "Gliddon, Daniel J"]
[Result "1-0"]
[WhiteElo "1615"]
[BlackElo "1509"]
[PlyCount "147"]
[EventDate "2020.11.03"]
[WhiteTeam "Welwyn Hatfield"]
[BlackTeam "Wolfpack"]

1. d4 Nf6 2. e3 g6 3. Nd2 Bg7 4. Bd3 d5 5. Ne2 O-O 6. O-O Nc6 7. c4 e5 8. cxd5
Nxd5 9. dxe5 Nxe5 10. Bb1 Bg4 11. h3 Be6 12. Nd4 Bd7 13. a3 c5 14. N4f3 Bc6 15.
Nxe5 Bxe5 16. Nf3 Bg7 17. Ba2 h6 18. Qc2 Qe7 19. Bd2 Nf6 20. b4 Bxf3 21. gxf3
Nh5 22. Rad1 Qg5+ 23. Kh2 cxb4 24. Rg1 Qf6 25. Rxg6 Qxf3 26. Bxb4 Kh8 27. Bxf8
Be5+ 28. Kg1 fxg6 29. Bd6 Bg7 30. Be6 Kh7 31. Bg4 Qf6 32. Bxh5 Qg5+ 33. Bg4 h5
34. Bf4 Qh4 35. Bg3 Qg5 36. f4 Qe7 37. Bxh5 Qxe3+ 38. Kg2 Qe8 39. Bg4 Qf7 40.
f5 gxf5 41. Bxf5+ Kh8 42. Rd7 Qf6 43. Rxb7 Rf8 44. Bg4 Qf1+ 45. Kh2 Qa6 46. Rb3
Qa5 47. Qe2 Rd8 48. Rd3 Rf8 49. Bf3 Qb5 50. Bd5 Rf6 51. Be4 Rf8 52. Qd1 Qb2+
53. Qd2 Qb5 54. Rd8 Qc5 55. Rxf8+ Qxf8 56. a4 Qe7 57. Bg2 Qf8 58. Qe3 Qf7 59.
Be5 Bxe5+ 60. Qxe5+ Kh7 61. Be4+ Kh6 62. Qd6+ Kg7 63. Qd4+ Kh6 64. Qe3+ Kg7 65.
Qe2 Qd7 66. Qg4+ Qxg4 67. hxg4 Kf6 68. Kg3 Kg5 69. a5 Kf6 70. Kf4 Kg7 71. Bf5
Kf6 72. Ke4 Kf7 73. Kd5 Kf6 74. Kc6 1-0

[Event "4NCL Online Division 6"]
[Site "online"]
[Date "2020.11.03"]
[Round "6.161"]
[White "Willis, Toby W"]
[Black "Thackray, John"]
[Result "0-1"]
[WhiteElo "1930"]
[BlackElo "1952"]
[PlyCount "102"]
[EventDate "2020.11.03"]
[WhiteTeam "Cornish Pirates"]
[BlackTeam "St Andrews White Cross"]

1. d4 d5 2. c4 e6 3. Nc3 Nf6 4. Bg5 Nbd7 5. e3 c6 6. Nf3 Qa5 7. Nd2 Bb4 8. Qc2
O-O 9. Be2 dxc4 10. Bxf6 Nxf6 11. Nxc4 Qg5 12. O-O c5 13. dxc5 Bxc5 14. Bf3 Rb8
15. Rfd1 b6 16. Ne4 Nxe4 17. Bxe4 g6 18. Nd6 Qe7 19. Nb5 Bb7 20. Bxb7 Rxb7 21.
a3 a6 22. Nc3 Bd6 23. Ne4 Be5 24. Rac1 Rc7 25. Qe2 Qh4 26. Ng3 Rxc1 27. Rxc1
Qa4 28. Qc2 Qxc2 29. Rxc2 Rd8 30. Kf1 Rd1+ 31. Ke2 Rb1 32. b4 Rb2 33. Rxb2 Bxb2
34. a4 Bc3 35. b5 axb5 36. axb5 f5 37. Kd3 Be5 38. f4 Bf6 39. e4 Be7 40. Ne2
Kf7 41. Kd4 Bf6+ 42. e5 Be7 43. Kc4 g5 44. h3 gxf4 45. Nxf4 Bg5 46. g3 Bxf4 47.
gxf4 Kg6 48. Kd3 Kh5 49. Ke3 Kh4 50. Kf3 Kxh3 51. Kf2 Kg4 0-1

[Event "4NCL Online Division 6"]
[Site "online"]
[Date "2020.11.03"]
[Round "6.162"]
[White "Triffitt, Bradley"]
[Black "Clark, Richard"]
[Result "1/2-1/2"]
[WhiteElo "1547"]
[BlackElo "1900"]
[PlyCount "152"]
[EventDate "2020.11.03"]
[WhiteTeam "St Andrews White Cross"]
[BlackTeam "Cornish Pirates"]

1. d4 g6 2. c4 Bg7 3. Nf3 d6 4. Bg5 c5 5. e3 cxd4 6. exd4 Nd7 7. Nc3 Ngf6 8.
Be2 O-O 9. O-O Nb6 10. Rc1 Bf5 11. Qb3 Rc8 12. Rfd1 h6 13. Bh4 Qd7 14. c5 Be6
15. Qa3 Nc4 16. Bxc4 Bxc4 17. Bxf6 Bxf6 18. Ne4 d5 19. Nxf6+ exf6 20. Qe3 Kg7
21. b3 Rfe8 22. Qf4 Bb5 23. Re1 Bc6 24. h3 Re6 25. Re3 Rce8 26. Rce1 Rxe3 27.
Rxe3 Rxe3 28. fxe3 Qe6 29. Kf2 g5 30. Qc7 Qe4 31. Qa5 a6 32. Qc3 h5 33. a4 h4
34. Qd2 Qe8 35. Qc2 Qb8 36. Kg1 Bd7 37. Qf2 Qe8 38. Nd2 Kg6 39. Qf3 Bf5 40. Kf2
Qe6 41. b4 Bc2 42. b5 Bxa4 43. bxa6 bxa6 44. Nb1 Bc6 45. Nc3 Qf5 46. Qxf5+ Kxf5
47. Kf3 a5 48. Na2 Kg6 49. Nc3 f5 50. Ne2 a4 51. Nc1 Kf6 52. g3 hxg3 53. Kxg3
Ke6 54. h4 g4 55. Nd3 a3 56. Nb4 Bb5 57. h5 f6 58. Kh4 Be8 59. h6 Bg6 60. c6
Kd6 61. Kg3 a2 62. Nxa2 Kxc6 63. Nc1 Kb5 64. Ne2 Kc4 65. Nf4 Bh7 66. Nh5 Kd3
67. Nxf6 Kxe3 68. Nxd5+ Kxd4 69. Nf6 Ke3 70. Nxg4+ fxg4 71. Kxg4 Ke4 72. Kg5
Ke5 73. Kg4 Kf6 74. Kh5 Kf5 75. Kh4 Bg6 76. h7 Bxh7 1/2-1/2

[Event "4NCL Online Division 6"]
[Site "online"]
[Date "2020.11.03"]
[Round "6.163"]
[White "Jiménez Patiño, Manuel David"]
[Black "Scott, Ian"]
[Result "1/2-1/2"]
[WhiteElo "1750"]
[BlackElo "1540"]
[PlyCount "62"]
[EventDate "2020.11.03"]
[WhiteTeam "Cornish Pirates"]
[BlackTeam "St Andrews White Cross"]

1. f4 c5 2. Nf3 d5 3. e3 Nf6 4. Be2 Nc6 5. O-O e6 6. d4 b6 7. b3 Bb7 8. Bb2 g6
9. Nc3 Bg7 10. Ne5 O-O 11. Rb1 Rc8 12. Ba3 Ne7 13. Qd2 cxd4 14. exd4 a6 15. Qd3
Re8 16. Rbc1 Nf5 17. Bg4 Nd6 18. Bxd6 Qxd6 19. Bf3 Bh6 20. g3 Qb4 21. Ne2 b5
22. c3 Qe7 23. b4 Rc7 24. Rc2 Rec8 25. Nc1 Bf8 26. Nb3 Nd7 27. Nc5 Nxe5 28.
fxe5 Qd8 29. Bg2 Be7 30. Qf3 Bxc5 31. bxc5 Qe7 1/2-1/2

[Event "4NCL Online Division 6"]
[Site "online"]
[Date "2020.11.03"]
[Round "6.164"]
[White "Bettley, Mark S"]
[Black "Kostadinov, Boris K"]
[Result "0-1"]
[WhiteElo "1607"]
[BlackElo "1660"]
[PlyCount "120"]
[EventDate "2020.11.03"]
[WhiteTeam "St Andrews White Cross"]
[BlackTeam "Cornish Pirates"]

1. e4 c5 2. Nf3 d6 3. d4 cxd4 4. Nxd4 Nf6 5. Nc3 a6 6. Bc4 g6 7. Bb3 Bg7 8. O-O
O-O 9. f3 Nc6 10. Be3 Qa5 11. Qd2 Bd7 12. Rfd1 Rac8 13. Rac1 Ne5 14. Qf2 Nc4
15. Bxc4 Rxc4 16. Nb3 Qh5 17. Nd5 Re8 18. Nb6 Rb4 19. c3 Rxb3 20. axb3 Bc6 21.
Nc4 b5 22. Na3 d5 23. exd5 Nxd5 24. Nc2 Be5 25. g3 Nxe3 26. Nxe3 Bxf3 27. Rf1
Bxg3 28. Qxg3 Be4 29. Qg4 Qe5 30. Qf4 Qe6 31. b4 f5 32. Rcd1 Rc8 33. Rd2 Qf6
34. Rfd1 e5 35. Qh6 Bf3 36. Rd6 Qf8 37. Qxf8+ Kxf8 38. Rd8+ Rxd8 39. Rxd8+ Ke7
40. Rh8 h5 41. Rh7+ Kf6 42. Ra7 f4 43. Nf1 Kf5 44. Rxa6 Be2 45. Kf2 Bd3 46. Nd2
e4 47. Nf1 h4 48. Rd6 Ke5 49. Rd8 h3 50. Rxd3 exd3 51. Kf3 Kf5 52. Nd2 g5 53.
c4 g4+ 54. Kf2 bxc4 55. b5 Ke6 56. b6 Kd7 57. Nxc4 Kc8 58. Ne5 g3+ 59. hxg3 d2
60. Ke2 h2 0-1

[Event "4NCL Online Division 6"]
[Site "online"]
[Date "2020.11.03"]
[Round "6.171"]
[White "Zhang, Zheming"]
[Black "Shen, Alex"]
[Result "1/2-1/2"]
[WhiteElo "2102"]
[BlackElo "1630"]
[PlyCount "109"]
[EventDate "2020.11.03"]
[WhiteTeam "Forest Hall Juniors"]
[BlackTeam "MCS Oxford B"]

1. e4 c5 2. Nc3 e6 3. f4 d5 4. Bb5+ Bd7 5. Bxd7+ Qxd7 6. d3 d4 7. Nce2 Nc6 8.
Nf3 Bd6 9. O-O Nge7 10. a3 O-O 11. Qe1 Rac8 12. Ng3 Bb8 13. Qe2 f6 14. Nh4 f5
15. Bd2 b5 16. Rae1 a5 17. Nf3 Bc7 18. Ng5 h6 19. Nf3 Rf7 20. exf5 exf5 21. Ne5
Bxe5 22. fxe5 Qd5 23. e6 Rff8 24. Nh5 Kh7 25. Nf4 Qd6 26. Qh5 Rf6 27. Nh3 Kg8
28. Bf4 Qd8 29. Rf3 Qe8 30. Qh4 Nd5 31. Bd2 Qe7 32. Rg3 Rxe6 33. Qxe7 Rxe7 34.
Rxe7 Ncxe7 35. Bxh6 Kh7 36. Bxg7 Ng6 37. c4 Kxg7 38. cxd5 Kf7 39. Rf3 Kf6 40.
g4 Nh4 41. Rf4 Ke5 42. Kf2 Rg8 43. gxf5 Nxf5 44. Re4+ Kxd5 45. Nf4+ Kd6 46.
Re6+ Kd7 47. Re5 Rf8 48. Rxc5 Ng7 49. Kg3 Rxf4 50. Rxb5 Rf1 51. Kg2 Kc6 52.
Rxa5 Rd1 53. Ra6+ Kb5 54. Rg6 Ne8 55. Kf3 1/2-1/2

[Event "4NCL Online Division 6"]
[Site "online"]
[Date "2020.11.03"]
[Round "6.172"]
[White "Hamid, Adam"]
[Black "Fearnhead, Ben"]
[Result "0-1"]
[WhiteElo "1585"]
[BlackElo "1810"]
[PlyCount "54"]
[EventDate "2020.11.03"]
[WhiteTeam "MCS Oxford B"]
[BlackTeam "Forest Hall Juniors"]

1. e4 e5 2. Nf3 Nc6 3. Bb5 a6 4. Ba4 Nf6 5. d3 b5 6. Bb3 d6 7. O-O Bg4 8. Be3
Na5 9. Nbd2 Nxb3 10. axb3 d5 11. exd5 Nxd5 12. Qe2 Bd6 13. h3 Bh5 14. Ne4 O-O
15. Ng3 Bg6 16. Bg5 Qd7 17. Nh4 h6 18. Nxg6 fxg6 19. Bd2 Nf4 20. Qe4 h5 21. Ne2
Nxe2+ 22. Qxe2 Qe6 23. Qe4 Bc5 24. Be3 Bxe3 25. fxe3 Rxf1+ 26. Rxf1 Rf8 27.
Rxf8+ Kxf8 0-1

[Event "4NCL Online Division 6"]
[Site "online"]
[Date "2020.11.03"]
[Round "6.173"]
[White "French, Morgan"]
[Black "Turner, Ben"]
[Result "1-0"]
[WhiteElo "1682"]
[BlackElo "1487"]
[PlyCount "91"]
[EventDate "2020.11.03"]
[WhiteTeam "Forest Hall Juniors"]
[BlackTeam "MCS Oxford B"]

1. d4 Nf6 2. c4 e6 3. Nf3 d5 4. Nc3 b6 5. cxd5 Nxd5 6. g3 Bb7 7. Bg2 Bb4 8. Qc2
c5 9. dxc5 Bxc5 10. O-O O-O 11. Rd1 Qe7 12. a3 Qf6 13. Nxd5 Bxd5 14. e4 Bc6 15.
Bf4 Nd7 16. b4 e5 17. Bg5 Qg6 18. bxc5 Bxe4 19. Qe2 f6 20. Rxd7 Bxf3 21. Bxf3
Qxg5 22. Bxa8 Rxa8 23. Qc4+ Kh8 24. Qd5 Re8 25. Rd8 Qg6 26. Rxe8+ Qxe8 27. Rd1
h6 28. Qd8 Qg8 29. Qxg8+ Kxg8 30. cxb6 axb6 31. Rb1 Kf7 32. Rxb6 Ke7 33. a4 Kf7
34. a5 Kg6 35. a6 Kg5 36. a7 g6 37. a8=Q f5 38. Qd8+ Kh5 39. Qf6 Kg4 40. Qxg6+
Kf3 41. Rb3+ Ke4 42. Qc6+ Kd4 43. Rb4+ Kd3 44. Qc4+ Kd2 45. Rb2+ Ke1 46. Qe2#
1-0

[Event "4NCL Online Division 6"]
[Site "online"]
[Date "2020.11.03"]
[Round "6.174"]
[White "Masacorale, Jamie"]
[Black "Johnston, Alexander"]
[Result "0-1"]
[WhiteElo "1367"]
[BlackElo "1480"]
[PlyCount "156"]
[EventDate "2020.11.03"]
[WhiteTeam "MCS Oxford B"]
[BlackTeam "Forest Hall Juniors"]

1. d4 d5 2. Nf3 Nf6 3. Bf4 c5 4. e3 Bg4 5. Be2 Nc6 6. h3 Bh5 7. Nc3 Qb6 8. Nb5
e5 9. Nxe5 Bxe2 10. Qxe2 Rc8 11. Nxc6 bxc6 12. Nd6+ Bxd6 13. Bxd6 Qxb2 14. O-O
Ne4 15. Be5 f6 16. Bh2 cxd4 17. Rfb1 Qc3 18. exd4 O-O 19. Rd1 Rfe8 20. Qd3 Re6
21. f3 Qxd3 22. Rxd3 Nd6 23. Bxd6 Rxd6 24. Re1 Rb8 25. Rb3 Rdd8 26. Re6 Rxb3
27. axb3 Rc8 28. c4 dxc4 29. bxc4 a5 30. d5 Kf7 31. Kf2 cxd5 32. cxd5 Rc5 33.
Ra6 Rxd5 34. Ke3 Kg6 35. Ke4 Re5+ 36. Kf4 Kh5 37. Kg3 f5 38. f4 Rb5 39. Ra7 Kh6
40. Kh4 g6 41. g4 fxg4 42. hxg4 g5+ 43. fxg5+ Rxg5 44. Kg3 Rb5 45. Ra6+ Kg5 46.
Ra7 h6 47. Rg7+ Kf6 48. Rh7 Kg6 49. Ra7 Kg5 50. Rg7+ Kf6 51. Rh7 Kg6 52. Ra7 h5
53. gxh5+ Rxh5 54. Kf4 Kf6 55. Ke3 Ke6 56. Kd3 Kd6 57. Kc4 Kc6 58. Kb3 Kb6 59.
Ra8 Kb7 60. Rf8 Kb6 61. Rf4 Kb5 62. Rg4 Rd5 63. Rf4 Re5 64. Rc4 a4+ 65. Kc3
Re3+ 66. Kd4 Re4+ 67. Kxe4 Kxc4 68. Ke3 Kc3 69. Ke4 Kb2 70. Kd3 a3 71. Kc4 a2
72. Kb4 a1=Q 73. Kc4 Qd1 74. Kb4 Qd3 75. Ka4 Qb3+ 76. Ka5 Kc3 77. Ka6 Kc4 78.
Ka5 Qb5# 0-1

[Event "4NCL Online Division 6"]
[Site "online"]
[Date "2020.11.03"]
[Round "6.181"]
[White "Buswell, A Mark"]
[Black "Young, Andy"]
[Result "1-0"]
[WhiteElo "1787"]
[BlackElo "1472"]
[PlyCount "67"]
[EventDate "2020.11.03"]
[WhiteTeam "Hertford 2"]
[BlackTeam "Lerryn Clowns"]

1. d4 Nf6 2. c4 e6 3. Nc3 Bb4 4. Qc2 Bxc3+ 5. Qxc3 h6 6. Bf4 b6 7. e3 Bb7 8.
Nf3 O-O 9. Be2 Nh5 10. Bg3 d6 11. Bh4 Nf6 12. Nd2 g5 13. Bg3 Bxg2 14. Rg1 Bh3
15. Bf3 c6 16. e4 d5 17. Bxb8 Qxb8 18. e5 Nh7 19. Bxd5 cxd5 20. Qxh3 dxc4 21.
Nxc4 Kg7 22. Qd3 f5 23. Nd6 Qd8 24. Rc1 Kg6 25. Ke2 Nf6 26. Rc6 Nd5 27. Qb3 Qd7
28. Rgc1 Nf4+ 29. Kf1 Nd5 30. Qc4 Rab8 31. Nb5 Rfe8 32. Nc3 Rbc8 33. Nxd5 Rc7
34. Nxc7 1-0

[Event "4NCL Online Division 6"]
[Site "online"]
[Date "2020.11.03"]
[Round "6.182"]
[White "Knight, Steven"]
[Black "Rudd, David R"]
[Result "1-0"]
[WhiteElo "1495"]
[BlackElo "1735"]
[PlyCount "99"]
[EventDate "2020.11.03"]
[WhiteTeam "Lerryn Clowns"]
[BlackTeam "Hertford 2"]

1. e4 Nf6 2. Nc3 d5 3. exd5 Nxd5 4. Ne4 e6 5. Nf3 Be7 6. d4 O-O 7. Bc4 Nf6 8.
Qd3 b6 9. Nxf6+ Bxf6 10. c3 Bb7 11. Be3 Nd7 12. O-O-O Rc8 13. Rhg1 c5 14. h4
cxd4 15. Bxd4 Bxd4 16. Qxd4 Nf6 17. Qf4 Qc7 18. Ne5 Rfd8 19. Bb3 Rxd1+ 20. Bxd1
h6 21. Qe3 Qc5 22. Qf4 Qe7 23. g4 Nd7 24. Nxd7 Qxd7 25. g5 hxg5 26. Qxg5 f6 27.
Qg4 Rd8 28. Qe2 Qd6 29. Bb3 Bd5 30. Qg4 Qe7 31. h5 Bxb3 32. axb3 Rd5 33. f4 f5
34. Qg3 Ra5 35. Kc2 Qb7 36. h6 Qe4+ 37. Kd2 Rd5+ 38. Kc1 Rd7 39. hxg7 Qd3 40.
Qe1 Qd5 41. Rg6 Rxg7 42. Rxe6 Qf3 43. Re8+ Kh7 44. Qh4+ Kg6 45. Qg5+ Kf7 46.
Qe7+ Kg6 47. Qe6+ Kh5 48. Qxf5+ Kh4 49. Rh8+ Kg3 50. Rh3+ 1-0

[Event "4NCL Online Division 6"]
[Site "online"]
[Date "2020.11.03"]
[Round "6.183"]
[White "Marshall, Duncan"]
[Black "Jenkins, Simon"]
[Result "1-0"]
[WhiteElo "1727"]
[BlackElo "1472"]
[PlyCount "69"]
[EventDate "2020.11.03"]
[WhiteTeam "Hertford 2"]
[BlackTeam "Lerryn Clowns"]

1. d4 e5 2. dxe5 Qe7 3. f4 Nc6 4. c3 f5 5. Nf3 b6 6. e3 Bb7 7. Bd3 g6 8. O-O
O-O-O 9. Qe2 Nb8 10. b4 a6 11. a4 h5 12. Ba3 Qg7 13. Nbd2 Be7 14. e4 Nh6 15. c4
d6 16. Bb2 Rhe8 17. a5 bxa5 18. bxa5 c5 19. Rfb1 Qf8 20. exd6 Bxd6 21. e5 Nc6
22. Bc3 Bc7 23. Nb3 Nf7 24. Bc2 g5 25. Bxf5+ Kb8 26. Qf2 gxf4 27. Nxc5 Ncxe5
28. Nxb7 Nxf3+ 29. Qxf3 Ka7 30. Qf2+ Re3 31. Nxd8 Qxd8 32. Bd2 Be5 33. Bxe3+
fxe3 34. Qf3 Qc7 35. Qxe3+ 1-0

[Event "4NCL Online Division 6"]
[Site "online"]
[Date "2020.11.03"]
[Round "6.184"]
[White "Hendin, Richard"]
[Black "Wooster, Nick"]
[Result "0-1"]
[WhiteElo "1352"]
[BlackElo "1682"]
[PlyCount "82"]
[EventDate "2020.11.03"]
[WhiteTeam "Lerryn Clowns"]
[BlackTeam "Hertford 2"]

1. d4 Nf6 2. Nc3 d5 3. Bf4 c6 4. e3 Bf5 5. Bd3 Bxd3 6. Qxd3 e6 7. h4 Bd6 8. Bh2
Bxh2 9. Rxh2 Qd6 10. Rh3 Nbd7 11. h5 e5 12. Qe2 O-O-O 13. O-O-O Rde8 14. Qd2
exd4 15. Qxd4 Qc5 16. Nge2 Re7 17. g4 h6 18. Ng3 Qxd4 19. Rxd4 Rg8 20. Nf5 Re6
21. Kd2 Nc5 22. f3 Kc7 23. b4 Ncd7 24. e4 dxe4 25. Nxe4 Nxe4+ 26. fxe4 Nf6 27.
Rhd3 Nxe4+ 28. Kc1 Nf6 29. g5 hxg5 30. h6 gxh6 31. Nxh6 Rg7 32. Nf5 Rg6 33. Nd6
g4 34. Nxf7 g3 35. Rd1 g2 36. Rg1 Ne4 37. b5 Nc3 38. Kd2 Ne2 39. b6+ axb6 40.
Rc4 Nxg1 41. Rxc6+ bxc6 0-1

[Event "4NCL Online Division 6"]
[Site "online"]
[Date "2020.11.03"]
[Round "6.191"]
[White "Doyle, Jamie"]
[Black "Jones, Andrew"]
[Result "1-0"]
[WhiteElo "1667"]
[BlackElo "1480"]
[PlyCount "49"]
[EventDate "2020.11.03"]
[WhiteTeam "Wessex Some Stars E"]
[BlackTeam "Shropshire 5"]

1. e4 c5 2. Nf3 d6 3. d4 cxd4 4. Nxd4 Nc6 5. Bb5 Bd7 6. Bxc6 Bxc6 7. Nc3 a6 8.
O-O Nf6 9. Nxc6 bxc6 10. Bf4 e5 11. Bg3 Be7 12. Rb1 O-O 13. f4 Qb6+ 14. Kh1
Rfd8 15. Qe2 Rab8 16. fxe5 dxe5 17. Bxe5 Rb7 18. Bxf6 Bxf6 19. e5 Re7 20. Na4
Qd4 21. Qxa6 Bxe5 22. Qxc6 Rc7 23. Qb5 Rxc2 24. Rbe1 Bb8 25. Re8+ 1-0

[Event "4NCL Online Division 6"]
[Site "online"]
[Date "2020.11.03"]
[Round "6.192"]
[White "Bonner, Dennis M"]
[Black "Sandy, Paul"]
[Result "1/2-1/2"]
[WhiteElo "1480"]
[BlackElo "1622"]
[PlyCount "64"]
[EventDate "2020.11.03"]
[WhiteTeam "Shropshire 5"]
[BlackTeam "Wessex Some Stars E"]

1. d4 d5 2. Bf4 Nc6 3. e3 Bf5 4. Nd2 Nb4 5. Bb5+ c6 6. Ba4 b5 7. Bb3 a5 8. a3
a4 9. axb4 axb3 10. Nxb3 e6 11. c3 Ne7 12. Nf3 Ng6 13. Bg3 Be7 14. O-O O-O 15.
Na5 Qd7 16. Qd2 Ra7 17. Nxc6 Rxa1 18. Nxe7+ Qxe7 19. Rxa1 Qb7 20. Qc1 Rc8 21.
Ra5 Bd3 22. Qa1 f6 23. h3 Re8 24. Ra7 Qc6 25. Ra6 Qb7 26. h4 h5 27. Ra7 Qc6 28.
Qa6 Qc4 29. Qa2 Qc6 30. Ra6 Qb7 31. Ra7 Qc6 32. Ra6 Qb7 1/2-1/2

[Event "4NCL Online Division 6"]
[Site "online"]
[Date "2020.11.03"]
[Round "6.193"]
[White "Harris, John E"]
[Black "Holyhead, James"]
[Result "0-1"]
[WhiteElo "1592"]
[BlackElo "1435"]
[PlyCount "72"]
[EventDate "2020.11.03"]
[WhiteTeam "Wessex Some Stars E"]
[BlackTeam "Shropshire 5"]

1. e4 c6 2. Nf3 d5 3. e5 Bg4 4. Be2 e6 5. d4 c5 6. c3 Nc6 7. h3 Bxf3 8. Bxf3
cxd4 9. cxd4 Qb6 10. Nc3 Qxd4 11. Qxd4 Nxd4 12. Bd1 Bb4 13. Bd2 Ne7 14. O-O O-O
15. a3 Ba5 16. b4 Bb6 17. Nb5 Nxb5 18. Ba4 a6 19. Rad1 Nxa3 20. Rc1 Rac8 21.
Rc3 Rxc3 22. Bxc3 Rc8 23. Bb2 Nc4 24. Ba1 Ng6 25. Kh1 Ngxe5 26. f4 Nc6 27. f5
Bd4 28. fxe6 fxe6 29. Bxd4 Nxd4 30. Rf4 Nc6 31. h4 Rf8 32. Rg4 Nb2 33. Bc2 Rf2
34. Bb3 Nd3 35. h5 Rb2 36. Ba4 Nf2+ 0-1

[Event "4NCL Online Division 6"]
[Site "online"]
[Date "2020.11.03"]
[Round "6.194"]
[White "Casewell, John M"]
[Black "Cuthbert, Larissa"]
[Result "1-0"]
[WhiteElo "1300"]
[BlackElo "1472"]
[PlyCount "109"]
[EventDate "2020.11.03"]
[WhiteTeam "Shropshire 5"]
[BlackTeam "Wessex Some Stars E"]

1. c4 Nf6 2. Nc3 g6 3. g3 Bg7 4. d4 O-O 5. Bg2 d6 6. e4 c5 7. d5 Nbd7 8. Nge2
Ne5 9. b3 Neg4 10. O-O Nh5 11. Qc2 Qa5 12. Bd2 Bd7 13. a4 a6 14. Rab1 Qc7 15.
f3 Ne5 16. f4 Ng4 17. h3 Ngf6 18. Kh2 Ne8 19. Nd1 b5 20. axb5 axb5 21. g4 Nhf6
22. Nf2 Bc8 23. Ng3 bxc4 24. bxc4 Ba6 25. Rfe1 Qd7 26. Rb6 Nc7 27. Reb1 e6 28.
Bf3 exd5 29. exd5 Rfe8 30. Nge4 Nxe4 31. Nxe4 Bd4 32. Nxd6 Re6 33. dxe6 Nxe6
34. Bxa8 Qe7 35. Rb8+ Kg7 36. Ne8+ Kg8 37. Nf6+ Kg7 38. Nd5 Qh4 39. Be1 Qh6 40.
Bg3 g5 41. f5 Nf4 42. Bxf4 gxf4 43. Bb7 Bxb7 44. R8xb7 Qh4 45. Qg2 Be5 46. f6+
Kh6 47. Kg1 Bd4+ 48. Kf1 Qg5 49. Rxf7 Qg6 50. Rg7 Qxb1+ 51. Ke2 Qc2+ 52. Kf3
Qd3+ 53. Kxf4 Qxc4 54. g5+ Kh5 55. Qg4# 1-0

[Event "4NCL Online Division 6"]
[Site "online"]
[Date "2020.11.03"]
[Round "6.201"]
[White "Wilson, Michael GA"]
[Black "Grose, Kameron"]
[Result "1/2-1/2"]
[WhiteElo "1675"]
[BlackElo "1630"]
[PlyCount "84"]
[EventDate "2020.11.03"]
[WhiteTeam "Redbridge All Sorts 2"]
[BlackTeam "Barnet Knights C"]

1. d4 d5 2. c4 c6 3. cxd5 cxd5 4. Nc3 Nf6 5. Bf4 Bf5 6. e3 e6 7. Nf3 Bb4 8.
Qa4+ Nc6 9. Rc1 O-O 10. Be2 Rc8 11. O-O a6 12. Ne5 Be7 13. g4 Bg6 14. h4 h5 15.
Nxg6 fxg6 16. g5 Ne8 17. Qc2 Rf5 18. Bg3 Bd6 19. Bd3 Nb4 20. Qb1 Nxd3 21. Qxd3
Bxg3 22. fxg3 Nd6 23. e4 dxe4 24. Nxe4 Rxc1 25. Rxc1 Nxe4 26. Qxe4 Qb6 27. b3
Qd6 28. Kg2 Kh7 29. Re1 Rd5 30. Qxe6 Qxe6 31. Rxe6 Rxd4 32. Kf2 Rd2+ 33. Re2
Rd7 34. Kf3 Kg8 35. Ke4 Kf7 36. Rf2+ Ke6 37. Re2 Rd6 38. Kf4+ Kf7 39. Rf2 Ke6
40. Ke4 Rd7 41. Rf3 Rd8 42. Rc3 Rd7 1/2-1/2

[Event "4NCL Online Division 6"]
[Site "online"]
[Date "2020.11.03"]
[Round "6.202"]
[White "Gardner, Tim"]
[Black "Keehner, John R"]
[Result "0-1"]
[WhiteElo "1600"]
[BlackElo "1667"]
[PlyCount "166"]
[EventDate "2020.11.03"]
[WhiteTeam "Barnet Knights C"]
[BlackTeam "Redbridge All Sorts 2"]

1. e4 c5 2. d4 cxd4 3. c3 d3 4. Bxd3 Nc6 5. Nf3 d6 6. h3 Nf6 7. O-O e6 8. Be3
Be7 9. Qc2 h6 10. a3 Bd7 11. Nbd2 a6 12. Rfd1 Qc8 13. Rac1 b5 14. Nb3 O-O 15.
Nbd4 Qb7 16. Ne2 Rac8 17. Qd2 Na5 18. Qc2 Nc4 19. Bxc4 bxc4 20. Ng3 Bc6 21. Nd2
Rfd8 22. f3 d5 23. e5 Nd7 24. Bd4 Nc5 25. Bxc5 Bxc5+ 26. Kh1 Rb8 27. Rb1 Qe7
28. Ndf1 Qg5 29. b4 cxb3 30. Rxb3 Rxb3 31. Qxb3 Bb5 32. a4 Bc4 33. Qc2 Qxe5 34.
Ne4 Bb6 35. Neg3 Ba5 36. Rc1 Qg5 37. Rb1 Qe5 38. Rc1 Rb8 39. Rb1 Rxb1 40. Qxb1
Qxc3 41. Qb8+ Kh7 42. Qf4 Qe1 43. Nh5 Qxf1+ 44. Kh2 Bc3 45. Qxf7 Qe1 46. Nf4
Bd3 47. Nxd3 Qe3 48. Nc5 Be5+ 49. g3 Qf2+ 50. Kh1 Qe1+ 51. Kg2 Qxg3+ 52. Kf1
Qxh3+ 53. Ke2 Qg2+ 54. Kd3 Qg6+ 55. Qxg6+ Kxg6 56. Nxe6 Kf6 57. Nc5 a5 58. Nb7
h5 59. Nxa5 h4 60. Nc6 h3 61. a5 h2 62. a6 h1=Q 63. a7 Qa1 64. Kc2 Qa6 65. f4
Bxf4 66. Nb4 Qxa7 67. Nxd5+ Kf5 68. Nc3 Qc7 69. Kb3 g5 70. Nd5 Qb7+ 71. Kc4
Qc6+ 72. Kd4 Qd6 73. Kc4 Kg4 74. Nc3 Kf3 75. Kb3 g4 76. Kc2 g3 77. Kb3 g2 78.
Na4 g1=Q 79. Nb2 Qc1 80. Nc4 Qb8+ 81. Ka4 Qa1+ 82. Na3 Bd6 83. Ka5 Qxa3# 0-1

[Event "4NCL Online Division 6"]
[Site "online"]
[Date "2020.11.03"]
[Round "6.203"]
[White "Catabay, Mae Katelyn Rose"]
[Black "Angelopoulos, Nicos"]
[Result "1-0"]
[WhiteElo "1525"]
[BlackElo "1622"]
[PlyCount "51"]
[EventDate "2020.11.03"]
[WhiteTeam "Redbridge All Sorts 2"]
[BlackTeam "Barnet Knights C"]

1. e4 c6 2. d4 d5 3. e5 Bf5 4. Bd3 Bxd3 5. Qxd3 e6 6. f4 c5 7. c3 Nc6 8. Nf3
Qb6 9. b3 Nge7 10. Be3 Nf5 11. Bf2 cxd4 12. cxd4 Bb4+ 13. Nc3 Rc8 14. O-O O-O
15. Nxd5 exd5 16. Qxf5 Ne7 17. Qh5 Rc6 18. f5 Rh6 19. Qg4 f6 20. Be3 g5 21. e6
Bd6 22. h4 Kh8 23. hxg5 Bh2+ 24. Nxh2 Rg8 25. Nf3 fxg5 26. Nxg5 1-0

[Event "4NCL Online Division 6"]
[Site "online"]
[Date "2020.11.03"]
[Round "6.204"]
[White "Angelopoulos, Andreas"]
[Black "White, Nigel"]
[Result "1-0"]
[WhiteElo "1540"]
[BlackElo "1442"]
[PlyCount "97"]
[EventDate "2020.11.03"]
[WhiteTeam "Barnet Knights C"]
[BlackTeam "Redbridge All Sorts 2"]

1. d4 f5 2. c4 e6 3. Nc3 Nf6 4. Bg5 Bb4 5. Nf3 Bxc3+ 6. bxc3 d6 7. e3 h6 8.
Bxf6 Qxf6 9. g3 Nd7 10. Bg2 e5 11. Nd2 e4 12. O-O Qe6 13. Qe2 Nf6 14. f3 O-O
15. fxe4 Nxe4 16. Nxe4 fxe4 17. Rxf8+ Kxf8 18. Rf1+ Kg8 19. Rf4 Qg6 20. Bxe4
Qe8 21. Qf3 c6 22. d5 c5 23. Rf8+ Qxf8 24. Bh7+ Kxh7 25. Qxf8 b6 26. Qxd6 Ba6
27. Qc7 Bxc4 28. d6 Be6 29. d7 Bxd7 30. Qxd7 a5 31. Qb7 Re8 32. Qxb6 Rxe3 33.
Qxa5 Re1+ 34. Kf2 Rc1 35. Qxc5 Rc2+ 36. Kf3 Rxh2 37. a4 Ra2 38. a5 Ra1 39. Qb6
Rf1+ 40. Kg4 Rc1 41. a6 Rxc3 42. a7 Ra3 43. Qb1+ g6 44. Qb7+ Kg8 45. a8=Q+ Rxa8
46. Qxa8+ Kg7 47. Qb7+ Kg8 48. Kf4 g5+ 49. Kf5 1-0

[Event "4NCL Online Division 6"]
[Site "online"]
[Date "2020.11.03"]
[Round "6.211"]
[White "Nancarrow, Richard"]
[Black "Castaneda, William"]
[Result "1-0"]
[WhiteElo "1540"]
[BlackElo "1727"]
[PlyCount "95"]
[EventDate "2020.11.03"]
[WhiteTeam "Jan Luke's Wrecking Crew"]
[BlackTeam "Maidenhead 2"]

1. d4 d5 2. Bf4 Nf6 3. e3 c6 4. Bd3 Bg4 5. Ne2 e6 6. O-O Nbd7 7. c3 Nb6 8. Nd2
Bd6 9. Bg3 Rc8 10. Qc2 Bxe2 11. Bxe2 h5 12. Bxd6 Qxd6 13. h3 g5 14. f3 Ke7 15.
Bd3 g4 16. e4 Qg3 17. fxg4 hxg4 18. Rf2 Rcf8 19. Nf1 Qh4 20. Rf4 Rhg8 21. Ne3
Qg3 22. Qf2 Qxf2+ 23. Kxf2 gxh3 24. gxh3 Rh8 25. e5 Ne4+ 26. Bxe4 dxe4 27. Rh1
f5 28. exf6+ Rxf6 29. Rxf6 Kxf6 30. b3 Nd5 31. Nd1 Kg5 32. c4 Nf4 33. Ke3 Kf5
34. h4 Ng2+ 35. Kf2 Nxh4 36. Ne3+ Kg5 37. Rg1+ Kf6 38. Rg4 Nf5 39. Rxe4 Rh2+
40. Ng2 Nd6 41. Rf4+ Nf5 42. Kg1 Rh3 43. Kf2 Rc3 44. Ne3 Rd3 45. Nxf5 exf5 46.
Ke2 Rxd4 47. Rxd4 Ke5 48. Rd3 1-0